Meistgespielte deutsche Quizzes auf JetPunk - Statistiken

Allgemein
  • Dieses Quiz wurde 13 mal gespielt
  • Das Durchschnittsergebnis liegt bei 3 aus 10
Antwortstatistiken
Spiele Quiz % Korrekt
1.942.037 Länder der Welt Quiz
100%
220.430 Hauptstädte der Welt Quiz
46%
833.612 Weltkarte ohne 20 zufällige Länder
38%
508.860 Bundesstaaten der USA Quiz
23%
288.228 Deutsche Großstädte
23%
281.654 Länder mit Grenzen in 90 Sekunden
15%
234.558 Länder Afrikas Quiz
8%
381.699 Länder Europas Quiz
8%
235.288 Nennen sie ein Land A-Z
8%
218.388 Länder nach den ersten und letzten Beiden Buchstaben
0%
Keine übereinstimmenden Quizze gefunden
Verteilung der Resultate
Anzahl Personen mit jedem Resultat
Perzentil nach korrekt beantworteten Fragen
Ihre Resultats-Entwicklung
Sie haben dieses Quiz noch nicht gespielt